| 000 | 00888nam a22002777a 4500 | ||
|---|---|---|---|
| 001 | 8842 | ||
| 003 | FISKH | ||
| 005 | 20251022155958.0 | ||
| 008 | 251022b cb ||||| |||| 00| 0 eng d | ||
| 020 | _a040296004719 | ||
| 040 |
_aFISKH _beng _cFISKH _dFISKH |
||
| 050 | _aQL666.L2 M358 | ||
| 082 | _a 597.95 | ||
| 100 |
_aMatero, Robert _eAuthor |
||
| 245 |
_aLizards : _bEyes on nature / _cWritten by Robert Matero |
||
| 260 |
_aChicago : _bKidsbook _c1997 |
||
| 300 |
_a29 pages : _bcolor illustrations ; _c24 cm |
||
| 505 | _aG | ||
| 520 | _aDescribes, in brief text and illustrations, the physical characteristics, habits, and natural environment of various species of lizards. | ||
| 521 | 8 |
_a400
_bLexile estimate |
|
| 521 | 8 |
_aG
_bRaz-Plus |
|
| 650 |
_aEyes on nature _vAnimals |
||
| 700 |
_aMakowski, Robin Lee _eIllustrator |
||
| 942 |
_2ddc _cBK _n0 |
||
| 999 |
_c8842 _d8842 |
||